000 00369nam a22001217a 4500
999 _c3229
_d3229
005 20201119130521.0
008 201119b ||||| |||| 00| 0 eng d
020 _a033152473
040 _cCML
245 _aControversies in Classroom Research.
_cHammersley M.
260 _aEngland
_bOpen University
_c1986
942 _2ddc
_cBK
_e1st Edition
_h371.102
_mHAM